Eye of the whale : epic passage from Baja to Siberia
Salvato in:
| Autore principale: | |
|---|---|
| Natura: | Libro |
| Lingua: | Undetermined |
| Pubblicazione: |
New York
Simon & Schuster
2001
|
| Soggetti: | |
| Tags: |
Aggiungi Tag
Nessun Tag, puoi essere il primo ad aggiungerne! !
|
| Thư viện lưu trữ: | Trung tâm Học liệu Trường Đại học Cần Thơ |
|---|
| LEADER | 00602nam a2200217Ia 4500 | ||
|---|---|---|---|
| 001 | CTU_164206 | ||
| 008 | 210402s9999 xx 000 0 und d | ||
| 020 | |c 32.50 | ||
| 082 | |a 599.5 | ||
| 082 | |b R962 | ||
| 100 | |a Russell, Dick | ||
| 245 | 0 | |a Eye of the whale : | |
| 245 | 0 | |b epic passage from Baja to Siberia | |
| 245 | 0 | |c Dick Russell ; maps by Eben Given | |
| 260 | |a New York | ||
| 260 | |b Simon & Schuster | ||
| 260 | |c 2001 | ||
| 650 | |a Gray whale,Cá voi xám | ||
| 650 | |x Migration,Sự di cư | ||
| 910 | |a Nguyên | ||
| 980 | |a Trung tâm Học liệu Trường Đại học Cần Thơ | ||